City by Airport Code - Statistics

General Stats
  • This quiz has been taken 12 times
  • The average score is 14 of 21
Answer Stats
Hint Answer % Correct
LAX Los Angeles
100%
DEL Delhi
90%
LGW London
90%
MNL Manila
90%
LGA New York
90%
SGN Ho Chi Minh City
80%
TPE Taipei
80%
BHX Birmingham
70%
CPT Cape Town
70%
MDW Chicago
70%
DME Moscow
70%
HND Tokyo
70%
AUH Abu Dhabi
60%
BNE Brisbane
60%
CAN Guangzhou
60%
NBO Nairobi
60%
GIG Rio de Janeiro
60%
AKL Aukland
30%
DAC Dhaka
30%
MAA Chennai
20%
DWC Dubai
20%
No matching quizzes found
Score Distribution
Percent of People with Each Score
Percentile by Number Answered
Your Score History
You have not taken this quiz